Central Library OPAC University of Rajshahi

Creating a new consensus on population : (Record no. 2014)

MARC details
000 -LEADER
fixed length control field 00940cam a2200289 a 4500
001 - CONTROL NUMBER
control field 2014
003 - CONTROL NUMBER IDENTIFIER
rucl marc code BD-RjUL
005 - DATE AND TIME OF LATEST TRANSACTION
control field 20211208233450.0
008 - FIXED-LENGTH DATA ELEMENTS--GENERAL INFORMATION
fixed length control field 131210s1998 enk b 001 0 eng d
020 ## - INTERNATIONAL STANDARD BOOK NUMBER
International Standard Book Number 185383565X (pbk.)
International Standard Book Number 1853835668 (hbk.)
035 ## - SYSTEM CONTROL NUMBER
System control number (DLC) 99208468
System control number (OCoLC)40323432
-- (BD-RjUL)2041
040 ## - CATALOGING SOURCE
Original cataloging agency IL#
Transcribing agency IL#
Modifying agency TJC
-- UKM
-- DLC
-- BD-RjUL
Language of cataloging eng
041 ## - LANGUAGE CODE
Language code of text/sound track or separate title eng
082 00 - DEWEY DECIMAL CLASSIFICATION NUMBER
Classification number 304.6
Edition number 21
Author mark and year SIC
100 1# - MAIN ENTRY--PERSONAL NAME
Personal name Singh, Jyoti Shankar,
Dates associated with a name 1935-
9 (RLIN) 6607
245 10 - TITLE STATEMENT
Title Creating a new consensus on population :
Remainder of title the International Conference on Population and Development /
Statement of responsibility, etc. Jyoti Shankar Singh.
260 ## - PUBLICATION, DISTRIBUTION, ETC. (IMPRINT)
Place of publication, distribution, etc. London :
Name of publisher, distributor, etc. Earthscan,
Date of publication, distribution, etc. 1998.
300 ## - PHYSICAL DESCRIPTION
Pagination xvi, 215 p. ;
Size 24 cm.
504 ## - BIBLIOGRAPHY, ETC. NOTE
Bibliography, etc Includes bibliographical references (p. [196]-203) and index.
650 #0 - SUBJECT ADDED ENTRY--TOPICAL TERM
Topical term or geographic name as entry element Population policy.
9 (RLIN) 6608
Topical term or geographic name as entry element Population.
9 (RLIN) 6609
942 ## - ADDED ENTRY ELEMENTS (KOHA)
Source of classification or shelving scheme Dewey Decimal Classification
Koha item type Books
Holdings
Lost status Source of classification or shelving scheme Damaged status Not for loan Collection code Permanent Location Current Location Shelving location Date acquired Source of acquisition Cost, normal purchase price Total Checkouts Full call number Date last seen Copy number Koha item type
  Dewey Decimal Classification     Non-fiction Central Library, University of Rajshahi Central Library, University of Rajshahi   28/02/2008 Dhaka Paragon Enterprise Ltd. 14.95   304.6 SIC 1998 10/12/2013 C-3 Books
  Dewey Decimal Classification     Non-fiction Central Library, University of Rajshahi Central Library, University of Rajshahi   28/02/2008 Paragon Enterprise, Dhaka. 14.95   304.6 SIC 1998 20/05/2014 C-4 Books
  Dewey Decimal Classification     Non-fiction Central Library, University of Rajshahi Central Library, University of Rajshahi   23/10/2010 Paragon Enterprise, Dhaka. 14.95   304.6 SIC 1998 20/05/2014 C-5 Books
  Dewey Decimal Classification     Non-fiction Central Library, University of Rajshahi Central Library, University of Rajshahi   10/10/2010 Paragon Enterprise, Dhaka. 14.95   304.6 SIC 1998 20/05/2014 C-6 Books
  Dewey Decimal Classification     Non-fiction Central Library, University of Rajshahi Central Library, University of Rajshahi   10/10/2010 Paragon Enterprise, Dhaka. 14.95   304.6 SIC 1998 20/05/2014 C-7 Books
  Dewey Decimal Classification     Non-fiction Central Library, University of Rajshahi Central Library, University of Rajshahi   10/10/2010 Paragon Enterprise, Dhaka. 14.95   304.6 SIC 1998 20/05/2014 C-8 Books
  Dewey Decimal Classification     Non-fiction Central Library, University of Rajshahi Central Library, University of Rajshahi   20/05/2006 Paragon Enterprise Lit., Dhaka 14.95   304.6 SIC 1998 06/08/2016 C-2 Books
  Dewey Decimal Classification   Not For Loan Non-fiction Central Library, University of Rajshahi Central Library, University of Rajshahi Reading Room 20/05/2006 Paragon Enterprises Dhaka 14.95   304.6 SIC 1998 11/12/2016 C-1 Books